| 000 | 00630nam a2200193Ia 4500 | ||
|---|---|---|---|
| 003 | GCL | ||
| 008 | 140319s9999 xx 000 0 ara d | ||
| 040 |
_aGCL / _cGCL |
||
| 082 | 0 | 4 |
_a822.043 _bس ح |
| 100 | 1 | _aطه محمود طه (مراجعه) | |
| 245 | 1 | 0 |
_aحملة الدكتوراه / _cطه محمود طه (مراجعه) |
| 700 | 1 | _aسبارك، موريل | |
| 700 | 1 | _aاحمد النادى | |
| 300 | _a181 ص | ||
| 490 |
_aمن المسرح العالمى _v0 |
||
| 650 | 0 | 4 | _aالادب الانجليزى المترجم |
| 650 | 0 | 4 | _aالمسرحيات الانجليزية المترجمة |
| 942 |
_2ddc _cBK |
||
| 999 |
_c47275 _d47275 |
||